00457nam a2200145 i 450000100060000000300090000600500170001500700030003200800410003510000340007624501010011026000450021130000200025685200350027696450ES-MaACL20230906181921.0t|050627s1971 sp ||||1| spa d1 aMaldonado Chiarri, Joaquín.10aAgentes de Cambio y Bolsa y Corredores Colegiados de Comercio... /cJoaquín Maldonado Chiarri. aValencia : bFomento de Cultura, c1971. a2 v. ; c21 cm. aES-MaACLjC-48289-90 bR.78759